Famous politicians - Statistics

General Stats
  • This quiz has been taken 107 times
  • The average score is 10 of 15
Answer Stats
Hint Politician % Correct
First female chancellor of Germany Angela Merkel
95%
President of the United States Joe Biden
95%
British politician during WW1 and 2 Winston Churchill
91%
Prime minister of Canada Justin Trudeau
89%
Founder of North Korea Kim Il-sung
82%
3rd US president Thomas Jefferson
82%
Previous governor of California and Austrian bodybuilder and actor Arnold Schwarzenegger
77%
Vietnam’s biggest city is named after him Ho Chi Minh
75%
Evil king of Belgium during the Belgian-Congo Leopold II
65%
Minister president of Prussia who united Germany Otto Von Bismarck
65%
He is either great of terrible Ivan the Terrible/ Great
64%
Man the Venezuelan currency is named after Simon Bolivar
57%
French Hitler Napolean Bonaparte
48%
Arguably the most powerful man in the world Xi Jinping
37%
He compared the Middle East with the Game of Thrones Benjamin Netanyahu
7%
No matching quizzes found
Score Distribution
Percent of People with Each Score
Percentile by Number Answered
Your Score History
You have not taken this quiz